MARC

LEADER 00000nam0a2200000 4500
001 369981
005 20231102012233.0
035 |a (RuTPU)RU\TPU\retro\27389 
090 |a 369981 
100 |a 20220614d1978 km y0rusy50 ca 
101 0 |a rus 
102 |a RU 
105 |a y z 101zy 
200 1 |a Первый нефтехимический симпозиум социалистических стран  |e тезисы докладов, г. Баку, 21-25 ноября 1978 г.  |f Академия наук СССР, Институт нефтехимического синтеза им. А. В. Топчиева ; Академия наук Азербайджанской ССР, Институт нефтехимических процессов им. Ю. Г. Мамедалиева ; Всесоюзное химическое общество им. Д. И. Менделеева, Азербайджанское правление ; под ред. С. М. Локтева 
210 |a Москва  |c Наука  |d 1978 
215 |a 148 с. 
320 |a Алф. указ.: с. 140-146 
606 1 |a Нефть  |x Химия  |2 stltpush  |3 (RuTPU)RU\TPU\subj\33709 
610 1 |a симпозиумы 
610 1 |a Баку 
610 1 |a нефтяные углеводороды 
610 1 |a пиролиз 
610 1 |a комплексная переработка 
610 1 |a высокомолекулярные вещества 
610 1 |a нефтепереработка 
610 1 |a кислородсодержащие частицы 
610 1 |a кислородсодержащие производные 
610 1 |a нефтяное сырье 
675 |a 665.6(063)  |v 4 
702 1 |a Локтев  |b С. М.  |4 340 
712 0 2 |a Академия наук СССР  |b Институт нефтехимического синтеза им. А. В. Топчиева  |c (Москва)  |c (1958-1991)  |2 stltpush  |3 (RuTPU)RU\TPU\col\12241  |9 25358 
712 0 2 |a Академия наук Азербайджанской ССР  |b Институт нефтехимических процессов им. Ю. Г. Мамедалиева  |c (Баку)  |2 stltpush  |3 (RuTPU)RU\TPU\col\8002  |9 24444 
712 0 2 |a Всесоюзное химическое общество им. Д. И. Менделеева  |b Азербайджанское правление  |c (Москва)  |c (1932-1991)  |2 stltpush  |3 (RuTPU)RU\TPU\col\12594 
712 1 2 |a Первый нефтехимический симпозиум социалистических стран  |c симпозиум  |e Баку  |f 1978  |4 570 
801 1 |a RU  |b 63413507  |c 20220614 
801 2 |a RU  |b 63413507  |c 20221130  |g RCR 
942 |c BK